|
|
|
|
| LEADER |
00782nam a2200265Ia 4500 |
| 008 |
141004s9999 xx 000 0 und d |
| 020 |
|
|
|a 81 7622 174 0
|
| 040 |
|
|
|c a
|
| 041 |
|
|
|a English
|
| 082 |
|
|
|a 635
|
| 082 |
|
|
|b GER
|
| 100 |
|
|
|a William Frederick Gericke
|
| 245 |
|
|
|a Soilless gardening: A complete guide
|
| 245 |
|
|
|c William Frederick Gericke
|
| 260 |
|
|
|a Delhi
|
| 260 |
|
|
|b Biotech books
|
| 260 |
|
|
|c 2007
|
| 300 |
|
|
|a 285 p.
|
| 300 |
|
|
|b 22 cm
|
| 365 |
|
|
|a Rs.750
|
| 501 |
|
|
|a 3A4
|
| 650 |
|
|
|a Conservation
|
| 942 |
|
|
|c BK
|
| 999 |
|
|
|c 173951
|d 173951
|
| 952 |
|
|
|0 0
|1 0
|4 0
|6 635_000000000000000_GER
|7 0
|9 178976
|a KAUCOF
|b KAUCOF
|g 750.00
|o 635 GER
|p KAU_COF-4626
|r 2014-10-04
|w 2014-10-04
|y BK
|